Can You Name all the Colleges in the Texas University System? - Statistics

General Stats
  • This quiz has been taken 23 times
  • The average score is 6 of 20
Answer Stats
University or State? College % Correct
University of Texas Stephen F. Austin
79%
University of Texas Austin
74%
University of Texas San Antonio
63%
University of Texas El Paso
58%
University of Texas Arlington
53%
Texas State University Sam Houston
53%
University of Texas Dallas
47%
Texas State University Texas State
42%
University of Texas Permian Basin
37%
University of Texas Tyler
32%
University of Texas North
21%
Texas State University Lamar
16%
Texas State University Tarleton
16%
University of Texas Texas Tech
11%
Texas State University West
11%
Texas State University Angelo
5%
Texas State University Sul Ross
5%
Texas State University Agriculture and Mining
0%
Texas State University Midwestern
0%
University of Texas Texas Rio Grande Valley
0%
No matching quizzes found
Score Distribution
Percent of People with Each Score
Percentile by Number Answered
Your Score History
You have not taken this quiz